Röst Gergely - SZTE Kyotói Egyetem, Yale Egyetem közös projektje
Elmentve itt :
| További közreműködők: | |
|---|---|
| Dokumentumtípus: | Cikk |
| Megjelent: |
2025-01-23
|
| Sorozat: | InfoRádió
|
| Kulcsszavak: | Rádiós interjú - InfoRádió, Röst Gergely - tanszékvezető egyetemi docens - konzorciumvezető, Alkalmazott és Numerikus Matematika Tanszék, Bolyai Intézet, Természettudományi és Informatikai Kar - TTIK, Pályázat, HU-rizont - nemzetközi kiválósági kutatási együttműködési program, Projekt - Rapid-Grip, Együttműködés - konzorcium - Kiotói Egyetem - Yale Egyetem, Nemzetközi kapcsolatok, Járvány, Járványmodellezés, Járványügyi védekezés, Járványügyi protokoll |
| Online Access: | http://univ.bibl.u-szeged.hu/73063 |
| LEADER | 01159nab a2200181 i 4500 | ||
|---|---|---|---|
| 001 | univ73063 | ||
| 005 | 20250124141328.0 | ||
| 008 | 250124s2025 hu o 000 hun d | ||
| 040 | |a SZTE UnivHistória Repozitórium |b hun | ||
| 041 | |a hun | ||
| 245 | 0 | 0 | |a Röst Gergely - SZTE |h [elektronikus dokumentum] : |b Kyotói Egyetem, Yale Egyetem közös projektje |
| 260 | |c 2025-01-23 | ||
| 490 | 0 | |a InfoRádió | |
| 561 | |a Egyetemi hirarchívum | ||
| 695 | |a Rádiós interjú - InfoRádió, Röst Gergely - tanszékvezető egyetemi docens - konzorciumvezető, Alkalmazott és Numerikus Matematika Tanszék, Bolyai Intézet, Természettudományi és Informatikai Kar - TTIK, Pályázat, HU-rizont - nemzetközi kiválósági kutatási együttműködési program, Projekt - Rapid-Grip, Együttműködés - konzorcium - Kiotói Egyetem - Yale Egyetem, Nemzetközi kapcsolatok, Járvány, Járványmodellezés, Járványügyi védekezés, Járványügyi protokoll | ||
| 700 | 0 | 1 | |a Kalapos Mihály |
| 856 | 4 | 0 | |u http://univ.bibl.u-szeged.hu/73063/1/Inforadio_imedias3.pdf |z Dokumentum-elérés |
| 856 | 4 | 0 | |u http://univ.bibl.u-szeged.hu/73063/2/Inforadio_14799474.mp3 |z Dokumentum-elérés |